Praktika rešenija inženernych zadač na EVM

Guardado en:
Detalles Bibliográficos
Autor principal: Gorinštejn, Anatolij Matvejevič
Formato: Libro
Lenguaje:ruso
Publicado: Moskva Radio i svjaz' 1984
Etiquetas: Agregar Etiqueta
Sin Etiquetas, Sea el primero en etiquetar este registro!

MARC

LEADER 00000nam a2200000 4500
001 c106605
005 20041019155137.8
041 0 |a rus 
044 |a RU 
245 1 0 |a Praktika rešenija inženernych zadač na EVM  |c Anatolij Matvejevič Gorinštejn 
264 1 |a Moskva  |b Radio i svjaz'  |c 1984 
300 |a 231 s. 
100 1 |a Gorinštejn, Anatolij Matvejevič